[Event "Narciso Yepes"]
[Site "Lorca ESP"]
[Date "2001.06.28"]
[Round "6"]
[White "Pogorelov,R"]
[Black "Del Rey,D"]
[Result "1-0"]
[WhiteElo "2399"]
[BlackElo "2373"]

1.d4 Nf6 2.c4 e6 3.Nc3 Bb4 4.Qc2 O-O 5.a3 Bxc3+ 6.Qxc3 b6 7.Bg5 Ba6 8.e3 d6
9.Nf3 Nbd7 10.b4 c5 11.dxc5 bxc5 12.Bd3 Rc8 13.b5 Bb7 14.O-O Qc7 15.a4 Ne4
16.Bxe4 Bxe4 17.Nd2 Ba8 18.a5 f5 19.f3 Ne5 20.Bf4 Ng6 21.Bg3 Qe7 22.Rfd1 d5
23.cxd5 exd5 24.Nf1 f4 25.exf4 Nxf4 26.Bxf4 Rxf4 27.Re1 Qf7 28.Qe5 Rb4 29.Qd6 Qf6
30.Qd7 Rf8 31.Re8 Rxe8 32.Qxe8+ Qf8 33.Re1 Rf4 34.Qe6+ Rf7 35.Re5 Qd8 36.Ne3 d4
37.Nc4 Qf6 38.Qxf6 gxf6 39.Rxc5 Kg7 40.Kf2 Re7 41.b6 Kf7 42.Rc7  1-0

[Event "TCh-Europe Boys U18"]
[Site "Balatonlelle HUN"]
[Date "2001.06.29"]
[Round "7"]
[White "Djukic,Ni"]
[Black "Rau,H"]
[Result "1/2-1/2"]
[WhiteElo "2382"]
[BlackElo "2248"]

1.d4 Nf6 2.c4 e6 3.Nc3 Bb4 4.Qc2 O-O 5.a3 Bxc3+ 6.Qxc3 b6 7.Bg5 Ba6 8.e3 d6
9.Bd3 Nbd7 10.Ne2 c5 11.Qc2 h6 12.Bh4 cxd4 13.exd4 Rc8 14.Qa4 Nb8 15.O-O d5
16.b3 Qd7 17.Qb4 Nc6 18.Qd2 dxc4 19.bxc4 Ne8 20.Rad1 Nd6 21.c5 Bxd3 22.Qxd3 Nf5
23.Bg3 Rfd8 24.cxb6 axb6 25.Rb1 Qa7 26.Qb3 Ncxd4 27.Nxd4 Nxd4 28.Qxb6 Qxa3
29.Be5 Nf5 30.Rfd1 Rxd1+ 31.Rxd1 Qa4 32.Re1 Rc2 33.Qd8+ Kh7 34.Qd3 Qa5 35.Rf1 Ra2
36.Bc3 Qa4 37.h3 g6 38.Qd8 Qa8 39.Qf6 Qf8 40.g4 Nd6 41.Re1 Ne8 42.Qe5 Ra3
43.Re3 Ng7 44.Rf3 f5 45.Rd3 Ra7 46.Bb2 Rf7 47.Rb3 fxg4 48.Rb8 Qe7 49.hxg4 Qh4
50.f3 h5 51.gxh5 Qxh5 52.Qxh5+ gxh5 53.Rb6 Rxf3  1/2-1/2

[Event "Open"]
[Site "Karvina CZE"]
[Date "2001.07.03"]
[Round "4"]
[White "Szymanski,M"]
[Black "Holeksa,Z"]
[Result "1-0"]
[WhiteElo "2359"]
[BlackElo "2136"]

1.d4 Nf6 2.c4 e6 3.Nc3 Bb4 4.Qc2 O-O 5.e4 d5 6.e5 Ne4 7.Bd3 Nc6 8.Ne2 f5
9.cxd5 exd5 10.O-O Be6 11.Be3 Be7 12.Nf4 Qd7 13.Nxe6 Qxe6 14.Nxd5 Qxd5 15.Bc4 Qxc4
16.Qxc4+ Kh8 17.f3 Ng5 18.Bxg5  1-0

[Event "FSIMB July"]
[Site "Budapest HUN"]
[Date "2001.07.07"]
[Round "6"]
[White "Pedersen,NV"]
[Black "Eperjesi,L"]
[Result "1-0"]
[WhiteElo "2382"]
[BlackElo "2255"]

1.d4 Nf6 2.c4 e6 3.Nc3 Bb4 4.Qc2 O-O 5.e4 d6 6.a3 Bxc3+ 7.bxc3 Ne8 8.Bd3 e5
9.Ne2 Nc6 10.O-O b6 11.f4 Qe7 12.Be3 Na5 13.Ng3 c5 14.Rf3 f6 15.Raf1 Bg4
16.R3f2 Bd7 17.fxe5 dxe5 18.dxe5 Qxe5 19.Bf4 Qe6 20.e5 fxe5 21.Bxh7+ Kh8
22.Bxe5 Rxf2 23.Rxf2 Nf6 24.Bxf6 gxf6 25.Be4 Bc6 26.Bxc6 Nxc6 27.Qg6 Qe1+
28.Nf1  1-0

[Event "FSIMA July"]
[Site "Budapest HUN"]
[Date "2001.07.07"]
[Round "6"]
[White "Yu Mingyuan"]
[Black "Petran,Pa"]
[Result "0-1"]
[WhiteElo "2277"]
[BlackElo "2388"]

1.d4 Nf6 2.c4 e6 3.Nc3 Bb4 4.Qc2 O-O 5.a3 Bxc3+ 6.Qxc3 b6 7.Bg5 Ba6 8.Qf3 Nc6
9.e3 Bb7 10.Qd1 d6 11.Nf3 Nb8 12.Bd3 Nbd7 13.O-O h6 14.Bh4 c5 15.Qe2 Qc7
16.dxc5 bxc5 17.Rfd1 a5 18.Bg3 Ra6 19.Rd2 Ne4 20.Bxe4 Bxe4 21.Rad1 e5 22.Ne1 f5
23.f3 Bb7 24.Nd3 Rb6 25.Nc1 Nf6 26.Na2 Re8 27.Nc3 Ba6 28.Bh4 g5 29.Bf2 Qe7
30.Nd5 Nxd5 31.Rxd5 Bb7 32.R5d2 e4 33.fxe4 Qxe4 34.Qf1 Re6 35.Kh1 Ba6 36.Rc1 Kg7
37.Bg3 Kg6 38.Qd1 Bb7 39.Rc3 h5 40.h3 h4 41.Bh2 g4 42.hxg4 Qxg4 43.Rcd3 Qxd1+
44.Rxd1 Rxb2 45.R3d2 Rxd2 46.Rxd2 Rxe3 47.Kg1 Re1+ 48.Kf2 Rc1 49.Bxd6 Rxc4
50.Be7 Rf4+ 51.Kg1 c4 52.Rd6+ Kh5 53.Rd2 Rg4 54.Kh2 c3 55.Rc2 Rxg2+ 56.Rxg2 Bxg2
57.Bf6 c2 58.Bb2 h3 59.Bc1 Kg4 60.Bd2 Kf3 61.Kg1 Ke2 62.Bf4 Kd1  0-1

[Event "ch-NOR"]
[Site "Kristiansund NOR"]
[Date "2001.07.08"]
[Round "2"]
[White "Lahlum,H"]
[Black "Dannevig,O"]
[Result "1-0"]
[WhiteElo "2227"]
[BlackElo "2317"]

1.d4 Nf6 2.c4 e6 3.Nc3 Bb4 4.Qc2 O-O 5.a3 Bxc3+ 6.Qxc3 b6 7.Bg5 Bb7 8.Nf3 d6
9.Nd2 Nbd7 10.f3 c5 11.e4 e5 12.d5 a6 13.Qc2 h6 14.Bh4 Re8 15.Bd3 Nf8 16.Bf2 g5
17.g3 Ng6 18.Be3 Kg7 19.O-O-O Rg8 20.Rdg1 Bc8 21.h4 gxh4 22.gxh4 Nh5 23.Nf1 Kh7
24.Ng3 Ngf4 25.Nxh5 Nxh5 26.Rxg8 Qxg8 27.Rg1 Qf8 28.Qd2 Bd7 29.f4 Nf6 30.Qe2 Qe7
31.Qf3 Rg8 32.Rxg8 Nxg8 33.fxe5 dxe5 34.Qh5 Qf6 35.b4 Qg7 36.Qf3 Bg4 37.Qf2 f5
38.bxc5 f4 39.Bd2 Qf8 40.Bb4 a5 41.Bc3 bxc5 42.Bxe5 f3 43.Bc3 Qf4+ 44.Qd2 Qg3
45.e5+ Kg7 46.e6+ Kf8 47.Qe3 Qh2 48.Be5 Qh1+ 49.Kb2 Qg2+ 50.Kc3 Bh5 51.Qf4+  1-0

[Event "Heart of Finland Open"]
[Site "Jyvaskyla FIN"]
[Date "2001.07.10"]
[Round "4"]
[White "Issakainen,A"]
[Black "Solozhenkin,E"]
[Result "0-1"]
[WhiteElo "2222"]
[BlackElo "2496"]

1.d4 Nf6 2.c4 e6 3.Nc3 Bb4 4.Qc2 O-O 5.e4 c5 6.d5 Bxc3+ 7.bxc3 exd5 8.exd5 Re8+
9.Be2 d6 10.Nf3 Qe7 11.h3 Bf5 12.Qb2 Bd3 13.Be3 Bxe2 14.Qxe2 Ne4 15.O-O Nd7
16.Qd3 Qf6 17.Rac1 Re7 18.Rfe1 Rae8 19.a4 g5 20.a5 Qg6 21.Rb1 b6 22.Rec1 f5
23.axb6 Nxb6 24.Rd1 Kg7 25.Ra1 f4 26.Bd2 h5 27.h4 g4 28.Ng5 Nxg5 29.Qxg6+ Kxg6
30.hxg5 Rf7 31.g3 fxg3 32.fxg3 Nxc4 33.Bf4 a5 34.Re1 Rxe1+ 35.Rxe1 a4 36.Re6+ Kf5
37.g6 Ra7 38.g7 Rxg7 39.Bxd6 Nxd6 40.Rxd6 Ra7 41.Re6 a3 42.Re1 a2 43.Ra1 Ke5
44.c4 Ra8 45.Kf2 Kd4  0-1

[Event "ch-NOR"]
[Site "Kristiansund NOR"]
[Date "2001.07.10"]
[Round "5"]
[White "Ostenstad,B"]
[Black "Bae,T"]
[Result "1-0"]
[WhiteElo "2439"]
[BlackElo "2281"]

1.c4 e6 2.d4 Nf6 3.Nc3 Bb4 4.Qc2 O-O 5.a3 Bxc3+ 6.Qxc3 b5 7.c5 Nd5 8.Qc2 f5
9.e3 Bb7 10.f3 e5 11.dxe5 Qh4+ 12.g3 Qe7 13.Bxb5 Qxe5 14.Kf2 Nf6 15.h3 Kh8
16.Qc4 Nc6 17.Bxc6 Bxc6 18.Ne2 Rab8 19.Qd4 Qe8 20.Qh4 Qe5 21.Qd4 Qe8 22.Rf1 Qh5
23.Kg2 g5 24.b4 g4 25.Ng1 Rf7 26.Bb2 Rg8 27.Qxf6+ Rxf6 28.Bxf6+ Rg7 29.Kh2 gxf3
30.Rf2 Qh6 31.Bxg7+ Qxg7 32.Raa2 Qe5 33.Nxf3 Qxe3 34.Rae2 Qxa3 35.Nd4 Be4
36.Nxf5 Qd3 37.g4 d5 38.cxd6 cxd6 39.Ng3 d5 40.Rf8+ Kg7 41.Ref2 Qb1 42.R8f7+ Kg8
43.Rf8+ Kg7 44.h4 Bg6 45.h5 Qxb4 46.hxg6 hxg6 47.R8f4 Qe7 48.Ra4 Kh6 49.Kg2 Qd7
50.Rd4 Kg7 51.Rfd2 Kf8 52.Ne2 Qc8 53.Kh3 Ke7 54.Rxd5 Qh8+ 55.Kg2 Qh4 56.R2d4 Qe1
57.Re4+ Kf8 58.g5 a5 59.Rde5  1-0

[Event "Geller Mem"]
[Site "Odessa UKR"]
[Date "2001.07.12"]
[Round "10"]
[White "Eryomenko,V"]
[Black "Tishin,D"]
[Result "1-0"]
[WhiteElo "2151"]
[BlackElo "2362"]

1.d4 Nf6 2.c4 e6 3.Nc3 Bb4 4.Qc2 O-O 5.a3 Bxc3+ 6.Qxc3 Ne4 7.Qc2 d5 8.Bf4 c6
9.e3 Nd7 10.Bd3 f5 11.h4 Rf7 12.Nf3 Qe8 13.O-O-O b6 14.cxd5 cxd5 15.Kb1 Bb7
16.Rc1 a6 17.Qe2 b5 18.Ne5 Nxe5 19.Bxe5 Qd8 20.g4 fxg4 21.Bxe4 dxe4 22.Qxg4 Bd5
23.Rhg1 Raa7 24.Rc2 Rae7 25.Rgc1 Bb7 26.h5 Qd5 27.Qg5 h6 28.Rc8+ Bxc8 29.Rxc8+  1-0

[Event "Asian U20"]
[Site "Tehran IRI"]
[Date "2001.07.14"]
[Round "3"]
[White "Sundararajan,K"]
[Black "Venkatesh,M"]
[Result "0-1"]
[WhiteElo "2421"]
[BlackElo "2356"]

1.d4 Nf6 2.c4 e6 3.Nc3 Bb4 4.Qc2 O-O 5.a3 Bxc3+ 6.Qxc3 b6 7.Bg5 Ba6 8.e3 d6
9.Bd3 Nbd7 10.Ne2 c5 11.Qc2 h6 12.Bh4 cxd4 13.exd4 Rc8 14.Qa4 Nb8 15.Rd1 Qd7
16.Qb4 Ne8 17.O-O Nc7 18.d5 exd5 19.cxd5 Nxd5 20.Qd4 Ne7 21.Bxa6 Nxa6 22.Bxe7 Qxe7
23.Nc3 Rcd8 24.Rfe1 Qb7 25.b4 Nc7 26.Re7 Rfe8 27.Rxe8+ Nxe8 28.Nd5 Nc7 29.Qh4 Re8
30.Ne7+ Kf8 31.Nf5 Qd5 32.Qg4 Qe5 33.f4 Qc3 34.h3 d5 35.Kh2 Qf6 36.Rd3 Re4
37.Ng3 Qxf4 38.Qd7 Re7 39.Qd8+ Re8 40.Qd7 Qe5 41.Rf3 Qe7 42.Qf5 Kg8 43.Qg4 Qd6
44.Qf5 Qe6 45.Qf4 Nb5 46.Nf5 Qe5 47.Nxh6+ gxh6 48.Rg3+ Kf8 49.Qxh6+ Ke7 50.Qc6 Nd4
51.Qb7+ Kf8  0-1

[Event "Czech Open"]
[Site "Pardubice CZE"]
[Date "2001.07.20"]
[Round "1"]
[White "Anitoaie,D"]
[Black "Yevseev,D"]
[Result "0-1"]
[WhiteElo "2282"]
[BlackElo "2530"]

1.d4 Nf6 2.c4 e6 3.Nc3 Bb4 4.Qc2 O-O 5.a3 Bxc3+ 6.Qxc3 b5 7.cxb5 c6 8.bxc6 Nxc6
9.b4 Ba6 10.e3 Bxf1 11.Kxf1 Qb6 12.Nf3 Qb5+ 13.Kg1 a5 14.bxa5 Nxa5 15.h3 Rfc8
16.Qe1 Ne4 17.a4 Qd5 18.Nd2 Nxd2 19.Bxd2 Nb3 20.Rd1 Rxa4 21.Kh2 Rc2 22.Rf1 Raa2
23.Bb4 h6 24.Kg1 f5 25.Rb1 Qc4 26.Rd1 Kh7 27.h4 Kg8 28.g3 Ra4 29.Bd6 Re2  0-1

[Event "Heart of Finland Open"]
[Site "Jyvaskyla FIN"]
[Date "2001.07.21"]
[Round "8"]
[White "Yrjola,J"]
[Black "Solozhenkin,E"]
[Result "1/2-1/2"]
[WhiteElo "2413"]
[BlackElo "2496"]

1.d4 Nf6 2.c4 e6 3.Nc3 Bb4 4.Qc2 O-O 5.a3 Bxc3+ 6.Qxc3 b6 7.Bg5 Bb7 8.f3 d5
9.e3 Nbd7 10.cxd5 exd5 11.Nh3 Re8 12.Be2 h6 13.Bh4 Qe7 14.Bf2 Nf8 15.O-O Ne6
16.Rfe1 c5 17.Qd2 Rac8 18.Nf4 Nxf4 19.exf4 Qd6 20.dxc5 bxc5 21.b4 cxb4 22.axb4 a6
23.Bd4 Nd7 24.Bd3 Rxe1+ 25.Rxe1 Rd8 26.Bc2 Nf8 27.Bc5 Qc6 28.Qd3 Re8 29.Rxe8 Qxe8
30.Kf2 Qc6 31.g3 a5 32.Bxf8 Kxf8 33.bxa5 Qc5+ 34.Ke2 Qxa5 35.Qb3 Qc5 36.Bd3 Bc8
37.Qb8 Qc6 38.Qb4+ Kg8 39.Kd2 g6 40.Qe7 Be6 41.Qa7 Qd6 42.Qd4 h5 43.Be2 Qa3
44.g4 Qa2+ 45.Ke3 Qb1 46.f5 gxf5 47.gxh5 Qg1+ 48.Kd3 Qxh2 49.f4 Kh7 50.Qe5 Qh1
51.Kd2 Qe4 52.Bd3 Qxe5 53.fxe5 Kh6 54.Be2 f4 55.Bf3 Kg5 56.Kd3 Kh4 57.Kd4 Kg5
58.Kd3 f6 59.exf6 Kxf6 60.Kd4 Kf5 61.h6 Kg6  1/2-1/2

[Event "Czech Open"]
[Site "Pardubice CZE"]
[Date "2001.07.21"]
[Round "2"]
[White "Jedynak,R"]
[Black "Jaracz,P"]
[Result "1/2-1/2"]
[WhiteElo "2347"]
[BlackElo "2521"]

1.d4 Nf6 2.c4 e6 3.Nc3 Bb4 4.Qc2 O-O 5.a3 Bxc3+ 6.Qxc3 b6 7.Bg5 d6 8.e3 Nbd7
9.Bd3 c5 10.dxc5 Nxc5 11.Ne2 Ba6 12.Bc2 Rc8 13.Bxf6 Qxf6 14.Qxf6 gxf6 15.b3 b5
16.cxb5 Bxb5 17.Nd4 Ba6  1/2-1/2

[Event "ch-Paris Open"]
[Site "Paris FRA"]
[Date "2001.07.22"]
[Round "2"]
[White "Guerra,E"]
[Black "Handke,F"]
[Result "0-1"]
[WhiteElo "2171"]
[BlackElo "2384"]

1.d4 Nf6 2.c4 e6 3.Nc3 Bb4 4.Qc2 O-O 5.a3 Bxc3+ 6.Qxc3 b6 7.f3 d5 8.Bg5 Ba6
9.b3 c5 10.e3 Nbd7 11.cxd5 Bxf1 12.Kxf1 Nxd5 13.Bxd8 Nxc3 14.Bh4 cxd4 15.exd4 Rac8
16.Be1 Nd5 17.Bd2 Rc2 18.Ke1 Rfc8 19.Ne2 Rb2 20.Rc1 Re8 21.Nc3 Nxc3 22.Rxc3 Nf6
23.Rf1 Nd5 24.Rd3 Rc8 25.g3 f6 26.Rf2 Rb1+ 27.Ke2 Kf7 28.f4 f5 29.a4 Rc2
30.Rf1 Rbb2 31.Kd1 a5 32.h3 Rxd2+ 33.Rxd2 Rxb3 34.Re1 Rxg3 35.Rb2 Rxh3 36.Kc1 Ra3
37.Rc2 Rxa4 38.Rc6 Nxf4 39.Rf1 Ra1+  0-1

[Event "Czech Open"]
[Site "Pardubice CZE"]
[Date "2001.07.24"]
[Round "5"]
[White "Pedersen,NV"]
[Black "Chernyshov,K"]
[Result "1/2-1/2"]
[WhiteElo "2382"]
[BlackElo "2561"]

1.d4 Nf6 2.c4 e6 3.Nc3 Bb4 4.Qc2 O-O 5.e4 Bxc3+ 6.bxc3 d6 7.Bd3 e5 8.Ne2 c5
9.O-O Nc6 10.a3 h6 11.f4 cxd4 12.cxd4 Bg4 13.d5 Bxe2 14.Qxe2 Nd4 15.Qb2 Nd7
16.Be3 Qb6 17.Qf2 Nc5 18.Bxd4 exd4 19.Rad1 Rfe8 20.Rfe1 Rac8 21.Bc2 Qb2 22.Rxd4 Qxa3
23.e5 Qc3 24.Bf5 Rc7 25.Red1 Rce7 26.R4d2 Qxc4 27.exd6 Re2 28.Rxe2 Rxe2 29.Re1 Rxe1+
30.Qxe1 Qd4+ 31.Kh1 g6 32.d7 Nxd7 33.Bxd7 Qxd5 34.Qe8+ Kh7 35.h3 g5 36.Bg4 gxf4
37.Bf3 Qe6 38.Qxe6 fxe6 39.Bxb7 a5 40.Bc6 Kg6 41.Kg1 Kf5 42.Kf2 Ke5 43.Kf3 Kd4
44.Kxf4 e5+ 45.Kf3 Kc5 46.Ba4 Kd4 47.Ke2 e4 48.g4 e3 49.h4 Ke4 50.Bc2+ Kf4
51.g5 hxg5 52.h5 Ke5 53.Kxe3 Kf6 54.h6 a4 55.Bxa4 Kg6 56.Kf3  1/2-1/2

[Event "Open"]
[Site "Novosibirsk RUS"]
[Date "2001.07.29"]
[Round "11"]
[White "Zarezenko,I"]
[Black "Kopilov,A"]
[Result "1/2-1/2"]
[WhiteElo "2241"]
[BlackElo "2382"]

1.d4 Nf6 2.c4 e6 3.Nc3 Bb4 4.Qc2 O-O 5.a3 Bxc3+ 6.Qxc3 b6 7.Nf3 Bb7 8.g3 d5
9.Bg2 Nbd7 10.O-O c5 11.dxc5 Nxc5 12.cxd5 Bxd5 13.Be3 Rc8 14.Rad1 Qe7 15.Qb4 Qb7
16.Qh4 Nb3 17.Qb4 Nc5 18.Qh4 Nb3  1/2-1/2

[Event "HZ Open"]
[Site "Vlissingen NED"]
[Date "2001.07.30"]
[Round "4"]
[White "Ernst,S"]
[Black "Epishin,V"]
[Result "1/2-1/2"]
[WhiteElo "2440"]
[BlackElo "2583"]

1.d4 Nf6 2.c4 e6 3.Nc3 Bb4 4.Qc2 O-O 5.a3 Bxc3+ 6.Qxc3 b6 7.Bg5 Bb7 8.Nf3 d6
9.Nd2 Re8 10.f3 h6 11.Bh4 c5 12.dxc5 bxc5 13.Bxf6 Qxf6 14.Qxf6 gxf6 15.O-O-O Kf8
16.Nb3 Ke7 17.Na5 Bc8 18.g3 a6 19.f4 Ra7 20.Bg2 Bd7 21.Rd3 Rc8 22.Nb7 Rc7
23.Nxd6 f5 24.Rhd1 Nc6 25.e3 Na5 26.b3 Nc6 27.Kb2 Ra8 28.Kc3 Rb8 29.R1d2 Rb6
30.Rd1  1/2-1/2

[Event "UPI"]
[Site "Mancha Real ESP"]
[Date "2001.07.31"]
[Round "2"]
[White "Vera,R"]
[Black "Almagro Mazariegos,S"]
[Result "1-0"]
[WhiteElo "2563"]
[BlackElo "2296"]

1.d4 Nf6 2.c4 e6 3.Nc3 Bb4 4.Qc2 O-O 5.a3 Bxc3+ 6.Qxc3 b6 7.Nf3 Bb7 8.e3 d6
9.b3 Nbd7 10.Bb2 Qe7 11.Be2 Rfe8 12.O-O Rad8 13.b4 c5 14.Rad1 Ne4 15.Qc2 d5
16.cxd5 exd5 17.bxc5 bxc5 18.dxc5 Ndxc5 19.Bb5 Rf8 20.Nd4 Rc8 21.Rfe1 Nd6
22.Nf5 Nxf5 23.Qxf5 Ne4 24.Bd3 Qe6 25.Qf4 Nd6 26.Qd4 f6 27.Qxa7 Ra8 28.Qd4 Ba6
29.Bb1 Nc4 30.Ba1 Bb7 31.e4 dxe4 32.Bxe4 Rad8 33.Bxh7+  1-0

[Event "Inline Czechia Cup"]
[Site "Olomouc CZE"]
[Date "2001.08.05"]
[Round "6"]
[White "Szymanski,M"]
[Black "Kristjansson,S"]
[Result "1/2-1/2"]
[WhiteElo "2362"]
[BlackElo "2380"]

1.d4 e6 2.c4 Nf6 3.Nc3 Bb4 4.Qc2 O-O 5.e4 d5 6.e5 Ne4 7.Bd3 c5 8.cxd5 exd5
9.Ne2 cxd4 10.Nxd4 Nd7 11.f4 Qh4+ 12.g3 Qh3 13.Bf1 Qh5 14.Bg2 Ndc5 15.O-O Bxc3
16.bxc3 Bh3 17.f5 Bxg2 18.Kxg2 Rae8 19.h3 Rxe5 20.Nf3 Nxg3 21.Nxe5 Nxf1 22.Bf4 g5
23.fxg6  1/2-1/2

[Event "Valoz Cup"]
[Site "Olomouc CZE"]
[Date "2001.08.06"]
[Round "7"]
[White "Pedersen,NV"]
[Black "Estremera Panos,S"]
[Result "0-1"]
[WhiteElo "2382"]
[BlackElo "2401"]

1.d4 Nf6 2.c4 e6 3.Nc3 Bb4 4.Qc2 O-O 5.e4 d5 6.e5 Ne4 7.a3 Bxc3+ 8.bxc3 c5
9.Bb2 cxd4 10.cxd4 Bd7 11.Bd3 Qa5+ 12.Ke2 Rc8 13.f3 f5 14.exf6 Nxf6 15.c5 Bb5
16.Bc3 Bxd3+ 17.Qxd3 Qa4 18.Nh3 b6 19.cxb6 axb6 20.Rhb1 Nbd7 21.Rb4 Qc6 22.Bb2 Qd6
23.g3 e5 24.Nf2 e4 25.Qd2 e3 26.Kxe3 Qe6+ 27.Kd3 Qf5+ 28.Ke2 Rc2  0-1

[Event "US Open"]
[Site "Framingham USA"]
[Date "2001.08.07"]
[Round "4"]
[White "Kaufman,La"]
[Black "Kalinin,Al"]
[Result "0-1"]
[WhiteElo "2424"]
[BlackElo "2512"]

1.d4 Nf6 2.c4 e6 3.Nc3 Bb4 4.Qc2 O-O 5.a3 Bxc3+ 6.Qxc3 Ne4 7.Qc2 f5 8.e3 b6
9.Ne2 Bb7 10.f3 Nd6 11.Nc3 c5 12.Qf2 Nc6 13.dxc5 bxc5 14.b3 Na5 15.Rb1 Bc6
16.Bd3 Ne4 17.Bxe4 fxe4 18.f4 Rb8 19.Qc2 Qh4+ 20.g3 Qh3 21.Rf1 d5 22.cxd5 exd5
23.Rf2 Qe6 24.Nd1 d4 25.Qxc5 Nxb3 26.Qe5 Qd7 27.Qh5 Rb5 28.Qe2 Nc5 29.Qc4+ Kh8
30.Nb2 dxe3 31.Rc2 Nd3+ 32.Kf1 Rc5 33.Qb3 Bd5 34.Nc4 Rfc8 35.Bxe3 Bxc4 36.Qb7 Nb2+
37.Rxc4 Qxb7  0-1

[Event "It"]
[Site "Nikolaev UKR"]
[Date "2001.08.07"]
[Round "7"]
[White "Maksimenko,A"]
[Black "Zavgorodniy,S"]
[Result "0-1"]
[WhiteElo "2502"]
[BlackElo "2453"]

1.d4 Nf6 2.c4 e6 3.Nc3 Bb4 4.Qc2 O-O 5.a3 Bxc3+ 6.Qxc3 b6 7.Bg5 Bb7 8.e3 h6
9.Bh4 d5 10.cxd5 Bxd5 11.f3 Nbd7 12.Qc2 Bb7 13.Ne2 c5 14.dxc5 Nxc5 15.Rd1 Qe7
16.b4 Na6 17.e4 Rfd8 18.Nd4 Nxb4 19.axb4 Qxb4+  0-1

[Event "Open"]
[Site "Olomouc CZE"]
[Date "2001.08.07"]
[Round "7"]
[White "Jedynak,R"]
[Black "Johansson,Ja"]
[Result "0-1"]
[WhiteElo "2347"]
[BlackElo "2370"]

1.d4 Nf6 2.c4 e6 3.Nc3 Bb4 4.Qc2 O-O 5.a3 Bxc3+ 6.Qxc3 b6 7.Bg5 Ba6 8.e3 d6
9.Be2 Nbd7 10.Bf3 Rc8 11.b4 d5 12.cxd5 Nxd5 13.Bxd5 Qxg5 14.Bc6 Nb8 15.Nf3 Qh5
16.Ba4 c5 17.dxc5 bxc5 18.b5 Qg4 19.bxa6 Qxa4 20.h4 Nd7 21.h5 h6 22.Rh4 Qxa6
23.Rg4 e5 24.Nxe5 Qf6 25.f4 Rfe8 26.Ra2 Rxe5 27.fxe5 Nxe5 28.Rd4 Rb8 29.Rf2 cxd4
30.exd4 Rb1+ 31.Ke2 Qa6+  0-1

[Event "TCh-Rep. Srpska"]
[Site "Jahorina BIH"]
[Date "2001.08.11"]
[Round "1"]
[White "Stojanovic,Do"]
[Black "Prelevic,D"]
[Result "0-1"]
[WhiteElo "2301"]
[BlackElo "2359"]

1.d4 Nf6 2.c4 e6 3.Nc3 Bb4 4.Qc2 O-O 5.a3 Bxc3+ 6.Qxc3 Ne4 7.Qc2 f5 8.Nf3 b6
9.g3 Bb7 10.Bg2 Nf6 11.O-O Be4 12.Qc3 d6 13.b4 Nbd7 14.Bb2 Qe8 15.Rad1 Qh5
16.c5 Nd5 17.Qc1 N7f6 18.h3 f4 19.g4 Nxg4 20.hxg4 Qxg4 21.Ne1 Bxg2 22.Nxg2 f3
23.exf3 Rxf3 24.Kh2 Raf8 25.Qc2 Nf4  0-1

[Event "I American Continental"]
[Site "Cali COL"]
[Date "2001.08.12"]
[Round "3"]
[White "Arencibia,W"]
[Black "Velasco,S"]
[Result "1-0"]
[WhiteElo "2548"]
[BlackElo "2269"]

1.d4 Nf6 2.c4 e6 3.Nc3 Bb4 4.Qc2 O-O 5.a3 Bxc3+ 6.Qxc3 d6 7.Bg5 Nbd7 8.e3 b6
9.f3 c5 10.Nh3 Qc7 11.Be2 Ba6 12.Rc1 Rac8 13.Qd2 h6 14.Bf4 e5 15.dxe5 dxe5
16.Bg3 Rfe8 17.O-O Rcd8 18.Qc2 Qc6 19.Rfd1 Bb7 20.Rd2 e4 21.f4 Nf8 22.Rcd1 Rxd2
23.Rxd2 Bc8 24.Nf2 Ng6 25.Qd1 Ne7 26.Ng4 Nxg4 27.Bxg4 Bxg4 28.Qxg4 f5 29.Qd1 Ng6
30.Rd6  1-0

[Event "I American Continental"]
[Site "Cali COL"]
[Date "2001.08.16"]
[Round "7"]
[White "Arencibia,W"]
[Black "Zarnicki,P"]
[Result "1-0"]
[WhiteElo "2548"]
[BlackElo "2487"]

1.d4 Nf6 2.c4 e6 3.Nc3 Bb4 4.Qc2 O-O 5.a3 Bxc3+ 6.Qxc3 Ne4 7.Qc2 f5 8.Nh3 b6
9.f3 Nd6 10.e3 c5 11.dxc5 bxc5 12.Be2 Qh4+ 13.Nf2 Nc6 14.O-O a5 15.Rd1 Nf7
16.f4 d6 17.Bf3 Bb7 18.b3 Ncd8 19.Bxb7 Nxb7 20.Bb2 Nfd8 21.Qc3 Rf7 22.g3 Qh5
23.e4 Nc6 24.Qe3 e5 25.fxe5 dxe5 26.exf5 Qxf5 27.Rd5 Raf8 28.Nd3 Qh3 29.Qe2 Rf3
30.Bxe5 Qg4 31.Re1 Ne7 32.Bxg7 Nxd5 33.Bxf8 Nc3 34.Qd2 Qd4+ 35.Kg2 Rxf8 36.Qg5+ Kh8
37.Re7 Ne4 38.Qh6 Rf2+ 39.Kh3  1-0

[Event "TCh-Rep. Srpska"]
[Site "Jahorina BIH"]
[Date "2001.08.18"]
[Round "8"]
[White "Stojanovic,Do"]
[Black "Stojanovic,Zo"]
[Result "1-0"]
[WhiteElo "2301"]
[BlackElo "2351"]

1.d4 Nf6 2.c4 e6 3.Nc3 Bb4 4.Qc2 O-O 5.a3 Bxc3+ 6.Qxc3 b6 7.Bg5 Ba6 8.f3 c5
9.dxc5 bxc5 10.Rd1 Ne4 11.fxe4 Qxg5 12.Nf3 Qf4 13.e5 Qxc4 14.Qxc4 Bxc4 15.Rc1 Bd5
16.Rxc5 a5 17.Nd2 a4 18.e4 Bc6 19.Bd3 Na6 20.Rc2 Nc7 21.Ke2 Rfb8 22.Rhc1 Ne8
23.Ke3 Kf8 24.Nf3 Bb5 25.Rd1 Bxd3 26.Rxd3 Ra7 27.Rd4 Rab7 28.Rdd2 Rb3+ 29.Kf4 Ke7
30.Nd4 R3b6 31.Ne2 f6 32.exf6+ gxf6 33.Nc3 Ra8 34.Rd4 e5+ 35.Kf3 Rb3 36.Rd3 Ke6
37.Ke2 d6 38.Nd5 Rb7 39.Rh3 Rab8 40.Kd1  1-0

[Event "VI Cup GM"]
[Site "Paks HUN"]
[Date "2001.08.21"]
[Round "4"]
[White "Markus,R"]
[Black "Polak,T"]
[Result "1-0"]
[WhiteElo "2443"]
[BlackElo "2481"]

1.d4 Nf6 2.c4 e6 3.Nc3 Bb4 4.Qc2 O-O 5.a3 Bxc3+ 6.Qxc3 b6 7.Bg5 Bb7 8.f3 h6
9.Bh4 d5 10.e3 Nbd7 11.cxd5 Nxd5 12.Bxd8 Nxc3 13.Bh4 Nd5 14.Bf2 f5 15.Bb5 c6
16.Bd3 e5 17.Ne2 Rae8 18.O-O exd4 19.exd4 Re6 20.Nc3 f4 21.Nxd5 cxd5 22.Rfc1 Rc6
23.Rxc6 Bxc6 24.Rc1 Rf6 25.Be1 Nf8 26.Bd2 Kf7 27.b4 b5 28.Bxf4 Rxf4 29.Rxc6 Rxd4
30.Rc7+ Kf6 31.Bxb5 Ne6 32.Rxa7 Rd1+ 33.Kf2 Rd2+ 34.Ke3 Rxg2 35.Bd7 Ng5 36.h4 d4+
37.Kxd4 Nxf3+ 38.Kc3 Rg3 39.b5 Ne5+ 40.Kb4 Ke7 41.Bf5+ Kd6 42.Ra6+ Kd5 43.Ra8 Kd6
44.Rd8+ Ke7 45.Rd4 g6 46.Bc2 g5 47.hxg5 hxg5 48.a4 g4 49.a5 Rg2 50.Bb3 g3
51.a6  1-0

[Event "Danube Summer"]
[Site "Tekija YUG"]
[Date "2001.08.26"]
[Round "5"]
[White "Jacimovic,D"]
[Black "Crisan,A"]
[Result "0-1"]
[WhiteElo "2485"]
[BlackElo "2635"]

1.d4 Nf6 2.c4 e6 3.Nc3 Bb4 4.Qc2 O-O 5.Nf3 c5 6.dxc5 Na6 7.Bd2 Nxc5 8.a3 Bxc3
9.Bxc3 Nce4 10.Bxf6 Nxf6 11.e4 d6 12.Bd3 e5 13.O-O Bg4 14.Nd2 Nd7 15.f3 Be6
16.Kh1 a5 17.b3 Qb6 18.Rab1 Rfc8 19.Rfc1 Qd4 20.Qc3 Qe3 21.Re1 Qd4 22.Qc2 b5
23.a4 bxa4 24.bxa4 Rab8 25.Rb5 Nc5 26.Bf1 Nxa4 27.Rxa5 Rb2 28.Qxa4 Qxd2 29.Rd1 Qf2
30.Ra8 Rbb8 31.Rxb8 Rxb8 32.Qc6 h6 33.Qxd6 Rb2 34.Qxe5 Bxc4 35.Qg3 Bxf1 36.Rd8+ Kh7
37.Qxf2 Rxf2 38.Kg1 Rxg2+ 39.Kxf1 Rxh2 40.Kg1 Rb2 41.Kf1 g5 42.Rd6 Kg7 43.Kg1 h5
44.Rd5 f6 45.Kf1 h4 46.Kg1 Kg6 47.Ra5 h3 48.Rf5 Kh5  0-1

[Event "Open"]
[Site "Lisbon POR"]
[Date "2001.08.28"]
[Round "8"]
[White "Collas,D"]
[Black "Galego,L"]
[Result "1/2-1/2"]
[WhiteElo "2378"]
[BlackElo "2467"]

1.d4 Nf6 2.c4 e6 3.Nc3 Bb4 4.Qc2 O-O 5.a3 Be7 6.e4 c5 7.e5 Ne8 8.dxc5 Nc6
9.Nf3 Bxc5 10.Bd3 h6 11.O-O Nd4 12.Qd1 f5 13.Be3 Nxf3+ 14.Qxf3 Bxe3 15.Qxe3 b6
16.Be2 Bb7 17.Bf3 f4 18.Qd3 Bxf3 19.Qxf3 Rc8 20.b3 Rc5 21.Rae1 Qc7 22.Re4 Rxe5
23.Rxf4 Rxf4 24.Qxf4 a6 25.Qd4 Nf6 26.Rd1 Kf7 27.g3 g5 28.h4 gxh4 29.Qxh4 Rh5
30.Qd4 Qc6 31.Kf1 Qf3 32.Ke1 Rh1+ 33.Kd2 Rxd1+ 34.Nxd1 Qxb3 35.Nc3 Qb2+ 36.Kd3 d6
37.a4 e5 38.Qe3 h5 39.f3 Nd7 40.Ke4 Ke6 41.Qh6+ Nf6+ 42.Kd3 Qg2 43.Ke3 Qc2
44.Ne4 Qc1+ 45.Nd2 Kf7 46.Ke2 Qc2 47.Qe3 Qb2 48.Qd3 Ke7 49.Qg6 b5 50.Qg7+ Ke6
51.Qb7 Qb4 52.axb5 axb5 53.cxb5 d5 54.Qc8+ Ke7 55.Qb7+ Ke6 56.Qc8+ Nd7 57.Qg8+ Kd6
58.Qg6+ Ke7 59.Qg5+ Ke6 60.Qg8+ Kd6 61.Qg6+  1/2-1/2

[Event "Open"]
[Site "Lisbon POR"]
[Date "2001.08.28"]
[Round "8"]
[White "Lazarev,V"]
[Black "Stohl,I"]
[Result "1/2-1/2"]
[WhiteElo "2459"]
[BlackElo "2533"]

1.d4 Nf6 2.c4 e6 3.Nc3 Bb4 4.Qc2 O-O 5.a3 Bxc3+ 6.Qxc3 b6 7.Bg5 Ba6 8.e3 d6
9.Bd3 Nbd7 10.Ne2 c5 11.Qc2 h6 12.Bh4 Rc8 13.Qa4 cxd4 14.exd4 Nb8 15.Rd1 Qd7
16.Qb3 d5 17.Bxf6 dxc4 18.Bxc4 Bxc4 19.Qg3 g6 20.Qh4 Kh7 21.Nc3 Qc6 22.f3  1/2-1/2

[Event "VI Cup GM"]
[Site "Paks HUN"]
[Date "2001.08.28"]
[Round "11"]
[White "Pataki,G"]
[Black "Kustar,S"]
[Result "1/2-1/2"]
[WhiteElo "2347"]
[BlackElo "2409"]

1.d4 Nf6 2.c4 e6 3.Nc3 Bb4 4.Qc2 O-O 5.a3 Bxc3+ 6.Qxc3 b6 7.Bg5 Ba6 8.e3 d6
9.Bd3 Nbd7 10.Ne2 c5 11.Qc2 h6 12.Bh4 Rc8 13.Qa4 Bb7 14.O-O Bc6 15.Qd1 Qc7
16.dxc5 bxc5 17.f3 Qb6 18.Rb1 d5 19.cxd5 Nxd5 20.Bf2 Ne5 21.e4 Nf6 22.Qc2 Qa5
23.b4 cxb4 24.axb4 Qc7 25.Nd4 Nxd3 26.Qxd3 Rfd8 27.Rfc1 Qd7 28.Qe3 Ba4 29.h3 Rxc1+
30.Qxc1 Rc8 31.Qa3 a6 32.Ra1 Bb5 33.Nxb5 axb5 34.Qa7 Qd2 35.Qd4 Qe2 36.Qe3 Qb2
37.Qd4 Qe2 38.Qe3 Qb2 39.Qd4 Rc1+ 40.Rxc1 Qxc1+ 41.Kh2 Qc6 42.Qd8+ Kh7 43.Qe7  1/2-1/2

[Event "10th Open"]
[Site "Kavala GRE"]
[Date "2001.08.29"]
[Round "9"]
[White "Zanellato,L"]
[Black "Nikolaidis,K"]
[Result "0-1"]
[WhiteElo "2061"]
[BlackElo "2354"]

1.d4 Nf6 2.c4 e6 3.Nc3 Bb4 4.Qc2 O-O 5.a3 Bxc3+ 6.Qxc3 b6 7.Bg5 Ba6 8.e3 d6
9.Nf3 Nbd7 10.Bd3 c5 11.O-O Rc8 12.Qb3 Qc7 13.Rac1 h6 14.Bh4 g5 15.Bg3 Nh5
16.Qd1 Nxg3 17.fxg3 Qd8 18.Nd2 cxd4 19.Qh5 Kg7 20.Ne4 f5 21.Nxd6 Nf6  0-1